[Event "II Festival il Mare d'Inverno A"]
[Site "Gabicce Mare ITA"]
[Date "2013.01.06"]
[Round "8"]
[White "Cavatorta, Fosco"]
[Black "Mondal, Prince"]
[WhiteElo "1930"]
[BlackElo "1938"]
[Result "0-1"]
[PlyCount "86"]
[EventDate "2013.01.02"]

1. d4 Nf6 2. Nf3 g6 3. Nc3 d5 4. Bf4 Bg7 5. e3 c6 6. h3 b6 7. Ne5 Bb7 8. Be2
Nbd7 9. h4 h6 10. f3 Nxe5 11. Bxe5 Nh5 12. g4 Bxe5 13. dxe5 Ng3 14. Rh3 Nxe2
15. Qxe2 Qc7 16. f4 h5 17. gxh5 Rxh5 18. O-O-O O-O-O 19. Qf3 Rdh8 20. Rdh1 Ba6
21. Qg3 Kb8 22. Rd1 Rd8 23. Rh2 e6 24. Nb1 c5 25. Qf2 b5 26. Qd2 Bb7 27. Nc3
Qa5 28. a3 b4 29. Ne4 Rdh8 30. Nd6 R8h7 31. Kb1 Qb6 32. axb4 cxb4 33. Qd4 Kc7
34. Qd2 Bc6 35. Qd4 Qxd4 36. Rxd4 a5 37. Ka2 f6 38. c3 fxe5 39. fxe5 Rxe5 40.
cxb4 axb4 41. Rxb4 Kxd6 42. Rc2 Rxe3 43. Rb6 Ra7+ 0-1

[Event "II Festival il Mare d'Inverno A"]
[Site "Gabicce Mare ITA"]
[Date "2013.01.06"]
[Round "8"]
[White "Dobboletta, Alex"]
[Black "Santeramo, Alessia Carmen"]
[WhiteElo "1976"]
[BlackElo "1893"]
[Result "0-1"]
[PlyCount "66"]
[EventDate "2013.01.02"]

1. e4 c5 2. Nf3 e6 3. d4 cxd4 4. Nxd4 a6 5. Bd3 Qc7 6. O-O Nf6 7. c4 Nc6 8.
Nxc6 dxc6 9. Nc3 e5 10. Kh1 Bc5 11. f4 h5 12. fxe5 Ng4 13. Qf3 Be6 14. Bf4
O-O-O 15. Nd5 cxd5 16. cxd5 Qb6 17. Rac1 Kb8 18. dxe6 fxe6 19. Rc2 Rhf8 20. Qe2
Nf2+ 21. Rxf2 Bxf2 22. Bg5 Rc8 23. Be7 Rxc2 24. Qxc2 Re8 25. Bd6+ Ka8 26. g3 h4
27. Kg2 hxg3 28. hxg3 Bd4 29. b4 Rh8 30. Qc1 Be3 31. Qf1 Qd4 32. Qb1 Qc3 33.
Qd1 Bd4 0-1

[Event "II Festival il Mare d'Inverno A"]
[Site "Gabicce Mare ITA"]
[Date "2013.01.06"]
[Round "8"]
[White "Fronzi, Ettore"]
[Black "Guglielmi, Dante"]
[WhiteElo "1925"]
[BlackElo "1917"]
[Result "1-0"]
[PlyCount "107"]
[EventDate "2013.01.02"]

1. d4 d5 2. c4 e6 3. Nc3 Nf6 4. cxd5 exd5 5. Bg5 Nbd7 6. e3 Be7 7. Qc2 O-O 8.
Bd3 c5 9. Bxf6 Nxf6 10. dxc5 Bxc5 11. Nge2 Be6 12. Rd1 Rc8 13. h3 Qb6 14. O-O
Bd6 15. Qb1 Bb8 16. Nd4 Qd6 17. Nf3 h6 18. Nb5 Qd7 19. Nbd4 Rc5 20. Rc1 Rfc8
21. Rxc5 Rxc5 22. Rc1 Qc7 23. Rxc5 Qxc5 24. Qc2 Qxc2 25. Bxc2 Bd7 26. Bf5 g6
27. Bxd7 Nxd7 28. Nb5 Kf8 29. Nc3 Nf6 30. Kf1 Ke7 31. Ke2 Kd6 32. Kd3 Kc5 33.
a3 a5 34. Nd2 Bc7 35. Nb3+ Kc6 36. Nd4+ Kd7 37. f4 Bd6 38. g4 g5 39. fxg5 hxg5
40. Nf3 Nh7 41. Kd4 Kc6 42. Nxd5 b5 43. b4 axb4 44. axb4 f6 45. e4 Nf8 46. Kc3
Nd7 47. Nxf6 Bxb4+ 48. Kxb4 Nxf6 49. Nxg5 Kd6 50. Kxb5 Ke5 51. Kc4 Kf4 52. Ne6+
Kxe4 53. g5 Nd7 54. Nc5+ 1-0

[Event "II Festival il Mare d'Inverno A"]
[Site "Gabicce Mare ITA"]
[Date "2013.01.06"]
[Round "8"]
[White "Guzzetti, Luigi Enrico"]
[Black "Coronel, Joshua"]
[WhiteElo "1917"]
[BlackElo "1943"]
[Result "1-0"]
[PlyCount "69"]
[EventDate "2013.01.02"]

1. e4 c5 2. Nf3 d6 3. d4 cxd4 4. Nxd4 Nf6 5. Nc3 g6 6. Be2 Bg7 7. Be3 O-O 8.
O-O Nc6 9. Qd2 Bd7 10. Rad1 a6 11. f3 b5 12. b3 Rc8 13. Nxc6 Bxc6 14. Nd5 Bxd5
15. exd5 Qc7 16. c4 bxc4 17. Bxc4 Ra8 18. a4 Nd7 19. Rc1 Qb7 20. Rfe1 Ne5 21.
a5 Nxc4 22. bxc4 Rfc8 23. Bb6 Qd7 24. Qe3 Be5 25. c5 e6 26. c6 Qe7 27. f4 Bb2
28. Rc2 Bg7 29. dxe6 f5 30. c7 d5 31. Rc5 d4 32. Qd3 Qd6 33. e7 Qd7 34. Qc4+
Kh8 35. Rd5 1-0

[Event "II Festival il Mare d'Inverno A"]
[Site "Gabicce Mare ITA"]
[Date "2013.01.06"]
[Round "8"]
[White "Lantini, Marco"]
[Black "Ferraguti, Francesco"]
[WhiteElo "2186"]
[BlackElo "1925"]
[Result "1/2-1/2"]
[PlyCount "55"]
[EventDate "2013.01.02"]

1. d4 d5 2. c4 c6 3. Nf3 e6 4. Qc2 Nf6 5. Nbd2 Be7 6. g3 Nbd7 7. Bg2 O-O 8. O-O
b6 9. e4 dxe4 10. Nxe4 Nxe4 11. Qxe4 Bb7 12. Be3 Nf6 13. Qc2 Qc7 14. c5 Nd5 15.
Ng5 g6 16. Bd2 Bf6 17. Qe4 bxc5 18. dxc5 Bxb2 19. Qh4 h5 20. Rab1 Bg7 21. Bxd5
exd5 22. g4 Bc8 23. gxh5 gxh5 24. Bf4 Qd7 25. Qxh5 Qg4+ 26. Qxg4 Bxg4 27. h3
Bf5 28. Rb7 1/2-1/2

[Event "II Festival il Mare d'Inverno A"]
[Site "Gabicce Mare ITA"]
[Date "2013.01.06"]
[Round "8"]
[White "Lucchi, Lorenzo"]
[Black "Calavalle, Giulio"]
[WhiteElo "2101"]
[BlackElo "2199"]
[Result "0-1"]
[PlyCount "102"]
[EventDate "2013.01.02"]

1. c4 Nf6 2. g3 e6 3. Bg2 d5 4. Nf3 c6 5. O-O Be7 6. d4 O-O 7. Nc3 Nbd7 8. Bf4
Re8 9. Re1 Nf8 10. Ne5 Ng6 11. Nxg6 hxg6 12. e4 dxc4 13. d5 exd5 14. exd5 cxd5
15. Nxd5 Nxd5 16. Qxd5 Bf6 17. Bc7 Rxe1+ 18. Rxe1 Qf8 19. Bd6 Qd8 20. Bf4 Be6
21. Qxb7 Rc8 22. Qxa7 Bxb2 23. Bb7 Bd4 24. Qa3 Bxf2+ 25. Kxf2 Qb6+ 26. Qe3 Qxb7
27. Be5 Ra8 28. Re2 Qh1 29. Qf3 Qxh2+ 30. Qg2 Qxg2+ 31. Kxg2 Bf5 32. Rb2 Ra3
33. Bd6 Rd3 34. Bb4 Be4+ 35. Kh2 Re3 36. Rd2 c3 37. Rd8+ Kh7 38. Rc8 Re2+ 39.
Kg1 c2 40. a4 Rg2+ 41. Kf1 Rxg3 42. a5 Rb3 43. Bd2 Ra3 44. Ke2 Bd3+ 45. Kf2 f6
46. Rc7 g5 47. Bb4 Ra4 48. Bf8 Bc4 49. Ba3 Rxa3 50. Rxc4 Rxa5 51. Rxc2 Ra3 0-1

[Event "II Festival il Mare d'Inverno A"]
[Site "Gabicce Mare ITA"]
[Date "2013.01.06"]
[Round "8"]
[White "Marsili, Riccardo"]
[Black "Rago, Riccardo"]
[WhiteElo "2100"]
[BlackElo "2061"]
[Result "1/2-1/2"]
[PlyCount "32"]
[EventDate "2013.01.02"]

1. c4 e6 2. g3 d5 3. Bg2 Nf6 4. Nf3 Be7 5. O-O O-O 6. b3 b6 7. Bb2 Bb7 8. d4
Nbd7 9. Nc3 Rc8 10. e3 c5 11. cxd5 Nxd5 12. Rc1 cxd4 13. exd4 Nxc3 14. Rxc3
Rxc3 15. Bxc3 Nf6 16. Qd3 Qa8 1/2-1/2

[Event "II Festival il Mare d'Inverno A"]
[Site "Gabicce Mare ITA"]
[Date "2013.01.06"]
[Round "8"]
[White "Moroni, Luca jr"]
[Black "Altini, Nicola"]
[WhiteElo "2161"]
[BlackElo "2343"]
[Result "1/2-1/2"]
[PlyCount "78"]
[EventDate "2013.01.02"]

1. Nf3 d5 2. c4 d4 3. b4 c5 4. e3 dxe3 5. fxe3 cxb4 6. d4 g6 7. Qa4+ Nd7 8. Bd3
Bg7 9. O-O Nh6 10. Qxb4 O-O 11. Bb2 e5 12. d5 Ng4 13. e4 a5 14. Qd2 Nc5 15. Ba3
b6 16. Bxc5 bxc5 17. Nc3 f5 18. Rab1 f4 19. Rb5 Ne3 20. Rfb1 g5 21. Rxc5 g4 22.
Ne1 Qg5 23. Nd1 g3 24. Nf3 Qh5 25. Rc7 Ra6 26. Rb8 gxh2+ 27. Kh1 Rg6 28. Nxe3
fxe3 29. Qxe3 Rxg2 30. Rcxc8 Qh3 31. Rxf8+ Bxf8 32. Qc5 Rg1+ 33. Nxg1 hxg1=Q+
34. Kxg1 Qg3+ 35. Kf1 Qxd3+ 36. Kf2 Qd2+ 37. Kf3 Qd1+ 38. Kg2 Qg4+ 39. Kf1 Qd1+
1/2-1/2

[Event "II Festival il Mare d'Inverno A"]
[Site "Gabicce Mare ITA"]
[Date "2013.01.06"]
[Round "8"]
[White "Petkov, Vladimir"]
[Black "Bae, Torstein"]
[WhiteElo "2564"]
[BlackElo "2442"]
[Result "1-0"]
[PlyCount "85"]
[EventDate "2013.01.02"]

1. d4 Nf6 2. c4 g6 3. g3 Bg7 4. Bg2 O-O 5. Nc3 d6 6. Nf3 Nc6 7. O-O a6 8. Bf4
Bf5 9. Rc1 Ne4 10. Nxe4 Bxe4 11. d5 Nb8 12. Qd2 c5 13. Bh6 Bxf3 14. exf3 Nd7
15. Rfe1 Nf6 16. Bg5 b5 17. Bf1 b4 18. Bd3 Qd7 19. Re2 Rae8 20. Rce1 e5 21.
dxe6 Rxe6 22. Rxe6 fxe6 23. Bf1 Ne8 24. Bh3 Nc7 25. Be3 Qe7 26. f4 Rd8 27. Rd1
d5 28. Qc2 d4 29. Bc1 Qd6 30. Qe4 Re8 31. Re1 Kf7 32. Bf1 Re7 33. Bd3 Ne8 34.
Qf3 Nf6 35. Bd2 Rc7 36. g4 Re7 37. h4 h5 38. gxh5 gxh5 39. Re5 Rc7 40. Qg3 Ke8
41. f5 Re7 42. fxe6 Ng4 43. Bg6+ 1-0

[Event "II Festival il Mare d'Inverno A"]
[Site "Gabicce Mare ITA"]
[Date "2013.01.06"]
[Round "8"]
[White "Pipitone, Antonio"]
[Black "Vesce, Emanuele"]
[WhiteElo "1920"]
[BlackElo "1891"]
[Result "1/2-1/2"]
[PlyCount "94"]
[EventDate "2013.01.02"]

1. e4 c5 2. Nf3 d6 3. d4 cxd4 4. Nxd4 Nf6 5. Nc3 a6 6. Be2 e5 7. Nb3 Be7 8. O-O
Be6 9. f4 b5 10. f5 Bc8 11. a3 Bb7 12. Bf3 Nbd7 13. Qe1 Qc7 14. Be3 Nb6 15. Rd1
Rd8 16. Qg3 Kf8 17. Bc1 h5 18. h3 Na4 19. Rd3 Nxc3 20. Rxc3 Qb8 21. Re1 Qa8 22.
Rce3 a5 23. Bd2 h4 24. Qf2 a4 25. Na5 Ba6 26. Rc3 Rc8 27. Qb6 Nd7 28. Rxc8+
Qxc8 29. Qc6 Qxc6 30. Nxc6 Bb7 31. Na5 Ba8 32. Be2 Nc5 33. Bxb5 Nxe4 34. Bb4
Bd8 35. Nc4 Ke7 36. Nxe5 Bb6+ 37. Kh2 Bf2 38. Re2 Bg3+ 39. Kg1 Bxe5 40. c3 Kf6
41. Bxa4 Rh5 42. Bc2 Ng3 43. Rd2 Nxf5 44. Bxf5 Kxf5 45. Bxd6 Ke6 46. Bxe5 Rxe5
47. a4 Rd5 1/2-1/2

[Event "II Festival il Mare d'Inverno A"]
[Site "Gabicce Mare ITA"]
[Date "2013.01.06"]
[Round "8"]
[White "Rambaldi, Francesco"]
[Black "Brancaleoni, Maurizio"]
[WhiteElo "2310"]
[BlackElo "2235"]
[Result "1/2-1/2"]
[PlyCount "24"]
[EventDate "2013.01.02"]

1. c4 e6 2. Nc3 d5 3. d4 Be7 4. Nf3 Nf6 5. Bf4 O-O 6. Qc2 c5 7. e3 Nc6 8. Rd1
Qa5 9. a3 Ne4 10. Be2 Nxc3 11. bxc3 cxd4 12. exd4 Qxa3 1/2-1/2

[Event "II Festival il Mare d'Inverno A"]
[Site "Gabicce Mare ITA"]
[Date "2013.01.06"]
[Round "8"]
[White "Rebeggiani, Andrea"]
[Black "Dionigi, Riccardo"]
[WhiteElo "1912"]
[BlackElo "1910"]
[Result "1/2-1/2"]
[PlyCount "38"]
[EventDate "2013.01.02"]

1. d4 d5 2. Bf4 Nf6 3. e3 c5 4. c3 Nc6 5. Nd2 Bf5 6. Qb3 Qc8 7. Ngf3 c4 8. Qd1
h6 9. h3 e6 10. Be2 b5 11. b4 a5 12. a3 Be7 13. O-O O-O 14. Qc1 Rd8 15. Qb2 Bd6
16. Bxd6 Rxd6 17. Ra2 Rd7 18. Rfa1 Rda7 19. Ne5 Nd7 1/2-1/2

[Event "II Festival il Mare d'Inverno A"]
[Site "Gabicce Mare ITA"]
[Date "2013.01.06"]
[Round "8"]
[White "Rigo, Gianfrancesco"]
[Black "Tazzioli, Luca"]
[WhiteElo "2022"]
[BlackElo "1933"]
[Result "1-0"]
[PlyCount "129"]
[EventDate "2013.01.02"]

1. e4 d5 2. exd5 Qxd5 3. Nc3 Qa5 4. d4 Nf6 5. Nf3 c6 6. Bc4 Bf5 7. O-O e6 8.
Bb3 Bd6 9. Re1 Qc7 10. Bg5 Nbd7 11. h3 h6 12. Bxf6 Nxf6 13. Ne5 O-O-O 14. Qf3
Rdg8 15. Nxf7 Qxf7 16. Qxf5 exf5 17. Bxf7 Rd8 18. Be6+ Kc7 19. Bxf5 Bb4 20. a3
Bd6 21. Rad1 Rhe8 22. Bg6 Rxe1+ 23. Rxe1 Bf8 24. Rd1 Nd5 25. Nxd5+ Rxd5 26. Be4
Rb5 27. b4 a5 28. c4 Rh5 29. Bf3 Rf5 30. Bg4 Rf4 31. g3 Re4 32. Bf3 Re8 33. c5
axb4 34. axb4 Ra8 35. d5 cxd5 36. Rxd5 Be7 37. b5 b6 38. c6 Rd8 39. Rf5 Rf8 40.
Rd5 Rd8 41. Re5 Bf6 42. Rf5 Rf8 43. Kg2 Be7 44. Rd5 Rd8 45. Re5 Bd6 46. Re4 Ra8
47. Re6 Rd8 48. Be2 Rf8 49. f4 Rf7 50. Bc4 Re7 51. Rg6 Bc5 52. Be6 Bd4 53. f5
Re8 54. Rg4 Bc3 55. Ra4 Ba5 56. Rd4 Rd8 57. Bd7 Bc3 58. Re4 Rf8 59. Ra4 Ba5 60.
Kf3 Rf6 61. Be6 Rf8 62. Ke4 Rd8 63. Bd7 Rf8 64. Kd5 Kd8 65. Kd6 1-0

[Event "II Festival il Mare d'Inverno A"]
[Site "Gabicce Mare ITA"]
[Date "2013.01.06"]
[Round "8"]
[White "Rovedi, Mauro"]
[Black "Formento, Paolo"]
[WhiteElo "2049"]
[BlackElo "2184"]
[Result "0-1"]
[PlyCount "80"]
[EventDate "2013.01.02"]

1. f4 g6 2. Nf3 d5 3. g3 Bg7 4. Bg2 Nf6 5. O-O O-O 6. c3 c5 7. d3 Nc6 8. Nbd2
Ng4 9. Nb3 Qb6 10. d4 cxd4 11. Nbxd4 Nf6 12. Qb3 Qc5 13. Qb5 Qd6 14. Kh1 Bd7
15. Qd3 a6 16. Be3 b5 17. Nxc6 Bxc6 18. Ne5 Bb7 19. a4 b4 20. cxb4 Qxb4 21. Qd4
Qxd4 22. Bxd4 Ng4 23. b4 Rfc8 24. Bh3 Rc4 25. Bxg4 Rxd4 26. Nd3 e5 27. Rab1 f5
28. Bh3 e4 29. Nc5 Bc8 30. Rfd1 Rxd1+ 31. Rxd1 d4 32. Bg2 Rb8 33. Rb1 Bf8 34.
Rc1 Rxb4 35. Nxe4 fxe4 36. Bxe4 Bb7 37. Bxb7 Rxb7 38. Rc4 a5 39. Rxd4 Rb4 40.
Rd7 Rxa4 0-1

[Event "II Festival il Mare d'Inverno A"]
[Site "Gabicce Mare ITA"]
[Date "2013.01.06"]
[Round "8"]
[White "Sanguinetti, Edoardo"]
[Black "Buratti, Marco"]
[WhiteElo "1986"]
[BlackElo "1991"]
[Result "0-1"]
[PlyCount "109"]
[EventDate "2013.01.02"]

1. e4 e5 2. Nf3 Nc6 3. d4 exd4 4. Nxd4 Bc5 5. Be3 Qf6 6. c3 Nge7 7. Qf3 Nxd4 8.
Qxf6 Nc2+ 9. Kd2 Bxe3+ 10. Kxc2 gxf6 11. fxe3 O-O 12. Bd3 d6 13. Rf1 Kg7 14.
Nd2 Ng6 15. Rf2 Ne5 16. h3 Re8 17. Raf1 Re6 18. g4 c5 19. Bc4 Nxc4 20. Nxc4 b5
21. Nd2 h6 22. h4 Kg6 23. g5 fxg5 24. hxg5 hxg5 25. Rxf7 Ba6 26. Rd7 Rg8 27.
Rxa7 Bc8 28. Rg1 Rf6 29. Rg3 g4 30. e5 dxe5 31. Re7 Rf2 32. Kc1 Rh8 33. Rg1
Rhh2 34. Nf1 Rc2+ 35. Kd1 Rhf2 36. Rxe5 Rxb2 37. Ke1 Rbe2+ 38. Kd1 Rxa2 39. Ke1
Rfb2 40. Rd5 b4 41. cxb4 c4 42. Rd2 c3 43. Rxb2 cxb2 44. Nd2 Ra1+ 45. Kf2 Rxg1
46. Kxg1 Bf5 47. Kg2 b1=Q 48. Nxb1 Bxb1 49. Kg3 Kg5 50. b5 Be4 51. b6 Bf3 52.
Kh2 Kh4 53. Kg1 Kg3 54. Kf1 Kh2 55. Kf2 0-1

[Event "II Festival il Mare d'Inverno A"]
[Site "Gabicce Mare ITA"]
[Date "2013.01.06"]
[Round "8"]
[White "Szabo, Bence"]
[Black "Ruck, Robert"]
[WhiteElo "2366"]
[BlackElo "2571"]
[Result "1/2-1/2"]
[PlyCount "44"]
[EventDate "2013.01.02"]

1. Nf3 g6 2. e4 Bg7 3. d4 d6 4. Nc3 Nf6 5. Bg5 h6 6. Be3 Nc6 7. h3 e6 8. Qd2 a6
9. Be2 b5 10. a3 Bb7 11. O-O Ne7 12. e5 Nfd5 13. Nxd5 Nxd5 14. c3 Nxe3 15. Qxe3
O-O 16. exd6 cxd6 17. Ne1 Qb6 18. Bf3 Bxf3 19. Qxf3 Rac8 20. Nc2 Rc7 21. Rfd1
Rfc8 22. d5 e5 1/2-1/2

[Event "II Festival il Mare d'Inverno A"]
[Site "Gabicce Mare ITA"]
[Date "2013.01.06"]
[Round "9"]
[White "Altini, Nicola"]
[Black "Capaliku, Aleks"]
[WhiteElo "2343"]
[BlackElo "2137"]
[Result "0-1"]
[PlyCount "110"]
[EventDate "2013.01.02"]

1. d4 d5 2. c4 e6 3. Nc3 Nf6 4. Nf3 c6 5. g3 Bb4 6. Bg2 O-O 7. O-O Nbd7 8. Qb3
Bd6 9. Nd2 Qb6 10. c5 Qxb3 11. axb3 Bc7 12. f4 Ng4 13. Nf3 f5 14. b4 b5 15. Ne5
Ndxe5 16. fxe5 Bb7 17. h3 Nh6 18. Bxh6 gxh6 19. g4 a6 20. gxf5 exf5 21. Nd1
Rae8 22. Ra3 Bd8 23. Raf3 Bc8 24. Nf2 Bg5 25. Nd3 Re7 26. Nf4 Rg7 27. Kh1 Kf7
28. Nh5 Rg6 29. Ng3 Ke7 30. e4 dxe4 31. Nxe4 Be6 32. Nd6 f4 33. Ra3 f3 34.
Raxf3 Rxf3 35. Rxf3 Bd5 36. Rg3 Ke6 37. Ne4 Bc1 38. Rxg6+ hxg6 39. Nc3 Bxg2+
40. Kxg2 Bxb2 41. Ne2 g5 42. Kf3 Ba3 43. Ke4 Bxb4 44. Ng3 a5 45. Kd3 a4 46. Ne4
Be1 47. Nf6 a3 48. Kc2 a2 49. Kb2 Bc3+ 50. Kxa2 Bxd4 51. Kb3 Bxc5 52. Ng4 h5
53. Nf6 Bd4 54. Nxh5 Bxe5 55. Kc2 Kd5 0-1

[Event "II Festival il Mare d'Inverno A"]
[Site "Gabicce Mare ITA"]
[Date "2013.01.06"]
[Round "9"]
[White "Bae, Torstein"]
[Black "Bisi, Samuele"]
[WhiteElo "2442"]
[BlackElo "2054"]
[Result "1-0"]
[PlyCount "61"]
[EventDate "2013.01.02"]

1. e4 e5 2. Nf3 Nc6 3. Bb5 a6 4. Ba4 Nf6 5. O-O b5 6. Bb3 d6 7. c3 Be7 8. d4
O-O 9. h3 Bb7 10. Qe2 Re8 11. Rd1 Bf8 12. d5 Nb8 13. Nbd2 c5 14. Nf1 c4 15. Bc2
Nbd7 16. g4 Nc5 17. Ng3 Qc7 18. g5 Nfd7 19. Nh2 a5 20. Ng4 b4 21. Kh2 Ba6 22.
Qf3 Qd8 23. Nh5 g6 24. Nhf6+ Nxf6 25. gxf6 Qd7 26. Rg1 Rec8 27. Bh6 Bxh6 28.
Nxh6+ Kf8 29. Nf5 Ke8 30. Ne7 Rd8 31. Qe3 1-0

[Event "II Festival il Mare d'Inverno A"]
[Site "Gabicce Mare ITA"]
[Date "2013.01.06"]
[Round "9"]
[White "Calavalle, Giulio"]
[Black "Moroni, Luca jr"]
[WhiteElo "2199"]
[BlackElo "2161"]
[Result "1-0"]
[PlyCount "77"]
[EventDate "2013.01.02"]

1. e4 c5 2. Nc3 d6 3. g3 Nc6 4. Bg2 g6 5. d3 Bg7 6. Nge2 e6 7. Rb1 Nge7 8. a3
O-O 9. b4 b6 10. O-O Qd7 11. f4 Bb7 12. b5 Nd4 13. Bd2 f5 14. Nxd4 Bxd4+ 15.
Kh1 Rae8 16. Ne2 Bg7 17. c4 Qc8 18. a4 Kh8 19. Qc2 fxe4 20. dxe4 d5 21. g4 Qa8
22. Ng3 Nc8 23. Bc3 Nd6 24. Bxg7+ Kxg7 25. a5 Nxe4 26. Bxe4 dxe4 27. a6 Bc8 28.
Qxe4 Qxe4+ 29. Nxe4 e5 30. Nd6 Re7 31. fxe5 Rxf1+ 32. Rxf1 Bxg4 33. Rf4 h5 34.
Kg2 g5 35. Rxg4 hxg4 36. Nf5+ Kf7 37. Nxe7 Kxe7 38. Kg3 Ke6 39. Kxg4 1-0

[Event "II Festival il Mare d'Inverno A"]
[Site "Gabicce Mare ITA"]
[Date "2013.01.06"]
[Round "9"]
[White "Caprio, Guido"]
[Black "Lucchi, Lorenzo"]
[WhiteElo "2409"]
[BlackElo "2101"]
[Result "1-0"]
[PlyCount "77"]
[EventDate "2013.01.02"]

1. e4 e5 2. Bc4 Nf6 3. Nc3 Bc5 4. d3 c6 5. Bb3 d5 6. Nf3 dxe4 7. Ng5 O-O 8.
Ncxe4 Nxe4 9. Nxe4 Bb4+ 10. c3 Be7 11. O-O Kh8 12. Qh5 f5 13. Ng5 Bxg5 14. Bxg5
Qe8 15. Qh4 Be6 16. Be7 Rf7 17. Bxe6 Qxe7 18. Qxe7 Rxe7 19. Bxf5 Nd7 20. Rae1
Rd8 21. d4 g6 22. Bh3 c5 23. dxc5 Nxc5 24. Re2 Rd6 25. g3 Rc7 26. Rfe1 Ra6 27.
a3 Rb6 28. Rd1 Kg7 29. Rc2 Rf6 30. Rd5 e4 31. Bg2 b6 32. Re2 Rcf7 33. Rdd2 Re7
34. Rd4 Rfe6 35. Re3 a5 36. b4 Na4 37. c4 Rc7 38. Rexe4 Rxe4 39. Bxe4 1-0

[Event "II Festival il Mare d'Inverno A"]
[Site "Gabicce Mare ITA"]
[Date "2013.01.06"]
[Round "9"]
[White "Cavatorta, Fosco"]
[Black "Fronzi, Ettore"]
[WhiteElo "1930"]
[BlackElo "1925"]
[Result "0-1"]
[PlyCount "50"]
[EventDate "2013.01.02"]

1. d4 e6 2. Nf3 Nf6 3. e3 b6 4. Bd3 Bb7 5. O-O d6 6. c4 c5 7. Nc3 cxd4 8. exd4
Be7 9. d5 e5 10. Ng5 O-O 11. Nce4 Nbd7 12. Nxf6+ Nxf6 13. Re1 h6 14. Nf3 Bc8
15. h3 Ne8 16. Nh2 f5 17. Bc2 Nf6 18. Nf1 Qe8 19. Ng3 Nh7 20. Qe2 Bd7 21. Kh2
Rc8 22. f4 Bh4 23. fxe5 f4 24. Ne4 Qxe5 25. Rf1 f3+ 0-1

[Event "II Festival il Mare d'Inverno A"]
[Site "Gabicce Mare ITA"]
[Date "2013.01.06"]
[Round "9"]
[White "Dionigi, Riccardo"]
[Black "Rovedi, Mauro"]
[WhiteElo "1910"]
[BlackElo "2049"]
[Result "0-1"]
[PlyCount "44"]
[EventDate "2013.01.02"]

1. d4 Nf6 2. c4 c6 3. Nc3 d5 4. cxd5 cxd5 5. Bf4 e6 6. e3 Bd6 7. Bxd6 Qxd6 8.
Nf3 a6 9. Bd3 Nc6 10. Rc1 O-O 11. O-O b5 12. e4 dxe4 13. Nxe4 Nxe4 14. Bxe4 Bb7
15. Bxh7+ Kxh7 16. Ng5+ Kg6 17. Qg4 f5 18. Ne4+ fxg4 19. Nxd6 Nd8 20. Rc7 Bd5
21. Rfc1 Nf7 22. Nb7 Ra7 0-1

[Event "II Festival il Mare d'Inverno A"]
[Site "Gabicce Mare ITA"]
[Date "2013.01.06"]
[Round "9"]
[White "Drazic, Sinisa"]
[Black "Brancaleoni, Maurizio"]
[WhiteElo "2471"]
[BlackElo "2235"]
[Result "1/2-1/2"]
[PlyCount "51"]
[EventDate "2013.01.02"]

1. d4 d5 2. c4 e6 3. Nc3 Be7 4. Nf3 Nf6 5. Bg5 O-O 6. e3 h6 7. Bxf6 Bxf6 8. Qb3
c6 9. Rd1 Nd7 10. e4 dxe4 11. Nxe4 Qa5+ 12. Rd2 c5 13. dxc5 Be7 14. a3 Nxc5 15.
Nxc5 Qxc5 16. Be2 b6 17. O-O Bb7 18. Rfd1 Rfd8 19. h3 Rxd2 20. Rxd2 Rd8 21.
Rxd8+ Bxd8 22. Qa4 a6 23. b4 Qd6 24. Qe8+ Qf8 25. Qd7 Qe7 26. Qd3 1/2-1/2

[Event "II Festival il Mare d'Inverno A"]
[Site "Gabicce Mare ITA"]
[Date "2013.01.06"]
[Round "9"]
[White "Ferraguti, Francesco"]
[Black "Rebeggiani, Andrea"]
[WhiteElo "1925"]
[BlackElo "1912"]
[Result "1/2-1/2"]
[PlyCount "21"]
[EventDate "2013.01.02"]

1. d4 c6 2. c4 g6 3. Nc3 d5 4. Nf3 Bg7 5. Bf4 Nf6 6. e3 O-O 7. Bd3 Qb6 8. Qb3
Be6 9. c5 Qxb3 10. axb3 Nbd7 11. Ng5 1/2-1/2

[Event "II Festival il Mare d'Inverno A"]
[Site "Gabicce Mare ITA"]
[Date "2013.01.06"]
[Round "9"]
[White "Formento, Paolo"]
[Black "Rambaldi, Francesco"]
[WhiteElo "2184"]
[BlackElo "2310"]
[Result "1/2-1/2"]
[PlyCount "26"]
[EventDate "2013.01.02"]

1. Nf3 c5 2. b3 Nc6 3. Bb2 d6 4. d4 cxd4 5. Nxd4 e5 6. Nxc6 bxc6 7. g3 Nf6 8.
Bg2 Qc7 9. O-O Be7 10. c4 O-O 11. Nc3 Bb7 12. Rc1 Rfd8 13. e3 Rac8 1/2-1/2

[Event "II Festival il Mare d'Inverno A"]
[Site "Gabicce Mare ITA"]
[Date "2013.01.06"]
[Round "9"]
[White "Guglielmi, Dante"]
[Black "Coronel, Joshua"]
[WhiteElo "1917"]
[BlackElo "1943"]
[Result "1-0"]
[PlyCount "65"]
[EventDate "2013.01.02"]

1. c4 Nf6 2. Nc3 g6 3. g3 Bg7 4. Bg2 O-O 5. e3 c6 6. Nge2 d6 7. O-O e5 8. d4
Nbd7 9. b3 Ne8 10. dxe5 dxe5 11. Ba3 c5 12. Bxc5 Qc7 13. Bxf8 Nxf8 14. Nd5 Qc5
15. Rc1 a5 16. Nec3 f5 17. Na4 Qa3 18. Nab6 Rb8 19. Nxc8 Rxc8 20. Qe2 Qd6 21.
Rfd1 e4 22. f3 Qe5 23. fxe4 fxe4 24. Qg4 Nd6 25. Nf4 Re8 26. Qe2 h6 27. Qd2 Nf5
28. Bh3 g5 29. Nh5 Ne6 30. Nxg7 Kxg7 31. Bxf5 Qxf5 32. Qd7+ Kf8 33. Rf1 1-0

[Event "II Festival il Mare d'Inverno A"]
[Site "Gabicce Mare ITA"]
[Date "2013.01.06"]
[Round "9"]
[White "Marsili, Riccardo"]
[Black "Bjerke, Silje"]
[WhiteElo "2100"]
[BlackElo "2210"]
[Result "1/2-1/2"]
[PlyCount "92"]
[EventDate "2013.01.02"]

1. c4 e5 2. g3 Nc6 3. Bg2 f5 4. Nc3 Nf6 5. d3 Bb4 6. Bd2 O-O 7. Nf3 d6 8. a3
Bxc3 9. Bxc3 Qe8 10. O-O Qh5 11. Qd2 h6 12. b4 f4 13. b5 Ne7 14. c5 Bh3 15.
Rfc1 Bxg2 16. Kxg2 fxg3 17. hxg3 Nfd5 18. Rh1 Qg6 19. Qa2 Kh8 20. Bd2 Nf4+ 21.
Bxf4 exf4 22. Qb2 Nf5 23. Nh4 Nxh4+ 24. Rxh4 fxg3 25. fxg3 dxc5 26. Rah1 Rf6
27. e4 Raf8 28. Qe2 Qf7 29. Kh3 Rf2 30. Qh5 Qd7+ 31. Rg4 Qxd3 32. Qxc5 Qf3 33.
Rg1 Qe2 34. Rh1 Rf1 35. Rh2 R8f2 36. Qf8+ Rxf8 37. Rxe2 R8f2 38. Rxf2 Rxf2 39.
a4 c5 40. bxc6 bxc6 41. e5 Re2 42. Rc4 Rxe5 43. Rxc6 Ra5 44. Rc4 Kh7 45. Kg4
Rd5 46. Kf4 a5 1/2-1/2

[Event "II Festival il Mare d'Inverno A"]
[Site "Gabicce Mare ITA"]
[Date "2013.01.06"]
[Round "9"]
[White "Mondal, Prince"]
[Black "Dobboletta, Alex"]
[WhiteElo "1938"]
[BlackElo "1976"]
[Result "0-1"]
[PlyCount "88"]
[EventDate "2013.01.02"]

1. Nf3 Nf6 2. c4 g6 3. b3 Bg7 4. Bb2 O-O 5. g3 d6 6. Bg2 e5 7. d3 Nc6 8. O-O
Nd7 9. a3 e4 10. Bxg7 exf3 11. Bxf8 fxg2 12. Kxg2 Nxf8 13. Nd2 b6 14. e4 Nd4
15. h4 Nfe6 16. h5 Qg5 17. f4 Qxh5 18. Qxh5 gxh5 19. b4 a5 20. f5 Ng7 21. Kf2
Bb7 22. b5 Ne8 23. Nf3 Nb3 24. Rab1 Nc5 25. Ke2 Nf6 26. Kd2 Nxd3 27. Kxd3 Bxe4+
28. Kd4 Bxb1 29. Rxb1 Re8 30. Re1 Rxe1 31. Nxe1 Kf8 32. Nd3 Kg7 33. Nf4 Kh6 34.
Nd5 Ne8 35. f6 Kg5 36. Ke3 Kg4 37. Kf2 h4 38. gxh4 Kxh4 39. Kf3 Kg5 40. Kg3 Kf5
41. Kf3 Ke5 42. Ke3 h5 43. Nf4 Nxf6 44. Nh3 Ng4+ 0-1

[Event "II Festival il Mare d'Inverno A"]
[Site "Gabicce Mare ITA"]
[Date "2013.01.06"]
[Round "9"]
[White "Petkov, Vladimir"]
[Black "Szabo, Bence"]
[WhiteElo "2564"]
[BlackElo "2366"]
[Result "0-1"]
[PlyCount "60"]
[EventDate "2013.01.02"]

1. d4 Nf6 2. c4 e6 3. Nc3 Bb4 4. g3 d5 5. Bg2 O-O 6. Nf3 dxc4 7. O-O Nbd7 8.
Qc2 Rb8 9. Rd1 Qe7 10. e4 c6 11. a3 Ba5 12. e5 Nd5 13. Ne4 b5 14. Bg5 f6 15.
exf6 gxf6 16. Ne5 Nxe5 17. Nxf6+ Rxf6 18. dxe5 Rxf2 19. Qc1 Qf7 20. Kh1 Bd7 21.
Rd4 Bb6 22. Rg4 Kh8 23. Be4 Rg8 24. Rh4 Rf5 25. Bd2 Rh5 26. Rxh5 Qxh5 27. Qf1
Rxg3 28. Bg2 Rg8 29. Re1 Be8 30. Bf3 Qf5 0-1